| 000 | 00677nam a22001937a 4500 | ||
|---|---|---|---|
| 999 |
_c17802 _d17802 |
||
| 003 | OSt | ||
| 005 | 20230118160815.0 | ||
| 008 | 230118b ||||| |||| 00| 0 eng d | ||
| 040 | _c0 | ||
| 082 | _aDPer 370.5 M720 June - December 2017 v66 no. 1-7 | ||
| 100 |
_aCarpio, Jennifer S. _eauthor. _947292 |
||
| 245 |
_aWhy Technology cannot replace Teachers in Future Classrooms / _cJennifer S. Carpio |
||
| 260 |
_aPhilippines : _b Papi Publishers, Inc., _cJune 2017. |
||
| 300 | _avolume 66, pages 10-11. | ||
| 650 |
_aInformation technology. _947293 |
||
| 650 |
_aInformation technology -Technology. _947294 |
||
| 700 |
_aCarpio, Jennifer S. _eauthor. _947292 |
||
| 942 |
_2ddc _cPER |
||